| Tag |
First Indicator |
Second Indicator |
Subfields |
| LEADER |
00000cam a2200000 i 4500 |
| 001 |
in00000057146 |
| 005 |
20151008051444.0 |
| 008 |
771221s1977 onca b 00000 eng d |
| 020 |
|
|
|a 0774401567
|
| 035 |
|
|
|a (OCoLC)03506549
|
| 035 |
|
|
|9 AAG8011AM
|
| 040 |
|
|
|a PAU
|c PAU
|d TXA
|d UtOrBLW
|
| 043 |
|
|
|a n-cn---
|
| 049 |
|
|
|a TXAM
|c [1558634]
|
| 090 |
|
|
|a HQ1075
|b .B68
|
| 245 |
0 |
0 |
|a Breaking the mould :
|b lesson aid plans to explore sex roles, K-8 /
|c edited by Margot Smith, and Carol Pasternak ; lesson plans and classroom strategies prepared by Wendy Hurst, Diana Pederson, and Linda Shuto.
|
| 264 |
|
1 |
|a Toronto :
|b Ontario Institute for Studies in Education,
|c [1977]
|
| 264 |
|
4 |
|c ©1977
|
| 300 |
|
|
|a 122 pages :
|b illustrations ;
|c 28 cm.
|
| 336 |
|
|
|a text
|b txt
|2 rdacontent
|
| 337 |
|
|
|a unmediated
|b n
|2 rdamedia
|
| 338 |
|
|
|a volume
|b nc
|2 rdacarrier
|
| 490 |
1 |
|
|a Curriculum series - the Ontario Institute for Studies in Education ; 31
|
| 504 |
|
|
|a Bibliography: pages [79]-122.
|
| 650 |
|
0 |
|a Sex role
|x Study and teaching (Elementary)
|
| 650 |
|
0 |
|a Sex role
|x Study and teaching (Elementary)
|z Canada.
|
| 650 |
|
0 |
|a Sexism.
|
| 700 |
1 |
|
|a Smith, Margot.
|
| 700 |
1 |
|
|a Pasternak, Carol.
|
| 830 |
|
0 |
|a Curriculum series (Ontario Institute for Studies in Education) ;
|v 31.
|
| 999 |
|
|
|a MARS
|
| 999 |
f |
f |
|s 3d6056e4-790d-368b-a1eb-4b8499740760
|i 223165fa-99d9-390d-88cf-24685a2561e9
|t 0
|
| 952 |
f |
f |
|p ric
|a Texas A&M University
|b Rellis Campus
|c Joint Library Facility
|d Remote Storage
|t 0
|e HQ1075 .B68
|h Library of Congress classification
|i unmediated -- volume
|m A14802976050
|
| 998 |
f |
f |
|a HQ1075 .B68
|t 0
|l Remote Storage
|